| 000 | 00333nam a2200109Ia 4500 | ||
|---|---|---|---|
| 008 | 230907s9999||||xx |||||||||||||| ||und|| | ||
| 082 |
_a621.3191 _bDEL |
||
| 100 |
_aDe La Rosa, Francisco C., _9115809 |
||
| 245 | 0 | _aHarmonics, power systems, and smart grids / | |
| 300 | _axix, 242 pages, 16 unnumbered pages of plates : | ||
| 942 | _cBK | ||
| 999 |
_c599607 _d599607 |
||